It looks like you're offline.
Open Library logo
additional options menu

MARC Record from Scriblio

Record ID marc_records_scriblio_net/part07.dat:26493955:476
Source Scriblio
Download Link /show-records/marc_records_scriblio_net/part07.dat:26493955:476?format=raw

LEADER: 00476cam 2200193 4500
001 72092870
003 DLC
005 19760809000000.0
008 730828s1973 nyu b 00000 eng
010 $a 72092870
050 0 $aBD431$b.R553
082 $a121/.8
100 10 $aRokeach, Milton.
245 14 $aThe nature of human values.
260 0 $aNew York,$bFree Press$c[1973]
300 $ax, 438 p.$c24 cm.
350 $a$12.95
504 $aBibliography: p. 341-354.
650 0 $aValues.